Algunas cuestiones acerca de los medios de enseñanza y el experimento químico en la enseñanza media (Record no. 62157)
[ view plain ]
| 000 -CABECERA | |
|---|---|
| campo de control de longitud fija | 00616nam a2200205 a 4500 |
| 005 - FECHA Y HORA DE LA ÚLTIMA TRANSACCIÓN | |
| campo de control | 20210219152845.0 |
| 008 - ELEMENTOS DE LONGITUD FIJA--INFORMACIÓN GENERAL | |
| campo de control de longitud fija | 991125n 000 0 spa u |
| 035 ## - NÚMERO DE CONTROL DEL SISTEMA | |
| Número de control de sistema | UPN01000063528 |
| 100 1# - ASIENTO PRINCIPAL--NOMBRE PERSONAL | |
| Nombre de persona | Alvarez Díaz, Alfredo |
| 222 ## - TÍTULO CLAVE | |
| Título clave | EDUCACION (CUBA) |
| 245 ## - MENCIÓN DE TÍTULO | |
| Título | Algunas cuestiones acerca de los medios de enseñanza y el experimento químico en la enseñanza media |
| 300 ## - DESCRIPCIÓN FÍSICA | |
| Extensión | 97-105 |
| 362 0# - FECHAS DE PUBLICACIÓN Y/O DESIGNACIÓN SECUENCIAL | |
| Fecha de publicación y/o designación secuencial | 1979 Año 9, no. 33, abr.-jun. |
| 653 0# - TERMINO DE INDIZACION - NO CONTROLADO | |
| Término no controlado | EDUCACION SECUNDARIA |
| 653 0# - TERMINO DE INDIZACION - NO CONTROLADO | |
| Término no controlado | EXPERIMENTOS EDUCATIVOS |
| 653 0# - TERMINO DE INDIZACION - NO CONTROLADO | |
| Término no controlado | MEDIOS DIDACTICOS |
| 653 0# - TERMINO DE INDIZACION - NO CONTROLADO | |
| Término no controlado | QUIMICA |
| 904 ## - ELEMENTOS DE DATOS D LOCAL, LDD (RLIN) | |
| a | AC |
| b | 001339 |
| 905 ## - TIPO DE MATERIAL | |
| Tipo de material | Articulo |
No items available.
